El misterio del pollo en la batea / (Registro nro. 6497)

Detalles MARC
000 -LEADER
fixed length control field 01393nam a22002777a 4500
003 - CONTROL NUMBER IDENTIFIER
control field OSt
005 - DATE AND TIME OF LATEST TRANSACTION
control field 20200212124843.0
008 - FIXED-LENGTH DATA ELEMENTS--GENERAL INFORMATION
fixed length control field 200212s2010 ck a|||br|||| 00| 1dspa d
020 ## - INTERNATIONAL STANDARD BOOK NUMBER
International Standard Book Number 9789972090059
040 ## - CATALOGING SOURCE
Original cataloging agency CO-JMCR
Transcribing agency CO-JMCR
041 0# - LANGUAGE CODE
Language code of text/sound track or separate title spa
082 04 - DEWEY DECIMAL CLASSIFICATION NUMBER
Classification number C /
Item number AREm
100 1# - MAIN ENTRY--PERSONAL NAME
Personal name Arévalo, Javier,
Relator term autor
9 (RLIN) 486
245 13 - TITLE STATEMENT
Title El misterio del pollo en la batea /
Statement of responsibility, etc. Javier Arévalo ; ilustraciones de Christian Ayuni
250 ## - EDITION STATEMENT
Edition statement Segunda edición
260 ## - PUBLICATION, DISTRIBUTION, ETC.
Place of publication, distribution, etc. Bogotá :
Name of publisher, distributor, etc. Norma,
Date of publication, distribution, etc. 2010
300 ## - PHYSICAL DESCRIPTION
Extent 60 páginas :
Other physical details ilustraciones ;
Dimensions 20 cm.
490 0# - SERIES STATEMENT
Series statement Torre de papel. Roja
500 ## - GENERAL NOTE
General note Incluye datos biográficos del autor en la tapa posterior
520 ## - SUMMARY, ETC.
Summary, etc. Once de la mañana. Azotea de la casa de Rafael. Su pollo es encontrado muerto dentro de una batea. La mamá asegura que fue un accidente. Rafael duda pero, al observar con detalle la escena, llega a una conclusión: Humberto, el pollo, ha sido asesinado.<br/>Rafael decide buscar al culpable, el problema es que los principales sospechosos son su papá, su mamá, su prima Demonio y la secretaria del hogar, Luztgarda. Cualquiera de ellos pudo cometer el crimen... La pregunta es quién lo hizo.
521 ## - TARGET AUDIENCE NOTE
Target audience note A partir de los 7 años
650 14 - SUBJECT ADDED ENTRY--TOPICAL TERM
Topical term or geographic name entry element Cuentos infantiles peruanos
Chronological subdivision Siglo XXI
9 (RLIN) 487
650 24 - SUBJECT ADDED ENTRY--TOPICAL TERM
Topical term or geographic name entry element Literatura peruana
Chronological subdivision Siglo XXI
9 (RLIN) 488
700 1# - ADDED ENTRY--PERSONAL NAME
Personal name Ayuni, Christian,
Relator term ilustrador
9 (RLIN) 489
942 ## - ADDED ENTRY ELEMENTS (KOHA)
Source of classification or shelving scheme Dewey Decimal Classification
Koha item type Books
Existencias
Withdrawn status Lost status Source of classification or shelving scheme Damaged status Not for loan Collection code Home library Current library Date acquired Source of acquisition Cost, normal purchase price Total Checkouts Full call number Barcode Date last seen Date last checked out Copy number Price effective from Koha item type
    Dewey Decimal Classification     Fiction Biblioteca Pública José María del Castillo y Rada Biblioteca Pública José María del Castillo y Rada 02/12/2020 Donación 0.00 5 C / AREm 201809776 11/14/2025 11/14/2025 Ej.1 02/12/2020 Books